Historia de los heterodoxos españoles / (Record no. 102352)
[ view plain ]
| 000 -LEADER | |
|---|---|
| campo de control de longitud fija | 01247nam a2200289 i 4500 |
| 001 - NÚMERO DE CONTROL | |
| campo de control | 102352 |
| 003 - IDENTIFICADOR DE NÚMERO DE CONTROL | |
| campo de control | ES-MaACL |
| 005 - FECHA Y HORA DE LA ÚLTIMA TRANSACCIÓN | |
| campo de control | 20251002163222.0 |
| 007 - CAMPO FIJO DE DESCRIPCIÓN FÍSICA--INFORMACIÓN GENERAL | |
| campo de control de longitud fija | t| |
| 008 - DATOS DE LONGITUD FIJA--INFORMACIÓN GENERAL | |
| campo de control de longitud fija | 051108m19111932sp |||| | spa d |
| 100 1# - ENTRADA PRINCIPAL--NOMBRE DE PERSONA | |
| Nombre de persona | Menéndez y Pelayo, Marcelino, |
| Fechas asociadas al nombre | 1856-1912 |
| 9 (RLIN) | 80332 |
| 245 10 - MENCIÓN DEL TÍTULO | |
| Título | Historia de los heterodoxos españoles / |
| Mención de responsabilidad, etc. | por el Doctor Don Marcelino Menéndez y Pelayo. |
| 250 ## - MENCION DE EDICION | |
| Mención de edición | 2ª ed. refundida. |
| 260 ## - PUBLICACIÓN, DISTRIBUCIÓN, ETC. | |
| Lugar de publicación, distribución, etc. | Madrid : |
| Nombre del editor, distribuidor, etc. | Librería General de Victoriano Suárez, |
| Fecha de publicación, distribución, etc. | 1911-1932. |
| 300 ## - DESCRIPCIÓN FÍSICA | |
| Extensión | 7 v. ; |
| Dimensiones | 26 cm. |
| 490 1# - MENCIÓN DE SERIE | |
| Mención de serie | Obras completas del Excmo. Señor Marcelino Menéndez Pelayo ; |
| Designación de volumen o secuencia | 1, 7-8, 16-19 |
| 594 ## - Nota al título y mención de responsabilidad | |
| Nota al título y mención de responsabilidad | Vol. 2-3: ed. ordenada y anotada por Adolfo Bonilla y San Martín; a partir del v. 4: ed. ordenada y dirigida por Miguel Artigas. |
| 650 #4 - PUNTO DE ACCESO ADICIONAL DE MATERIA--TÉRMINO DE MATERIA | |
| Término de materia o nombre geográfico como elemento de entrada | Herejías- |
| Subdivisión geográfica | España- |
| Subdivisión de forma | Historia. |
| 9 (RLIN) | 153684 |
| 650 #4 - PUNTO DE ACCESO ADICIONAL DE MATERIA--TÉRMINO DE MATERIA | |
| Término de materia o nombre geográfico como elemento de entrada | Protestantes- |
| Subdivisión geográfica | España. |
| 9 (RLIN) | 169548 |
| 651 #4 - PUNTO DE ACCESO ADICIONAL DE MATERIA--NOMBRE GEOGRÁFICO | |
| Nombre geográfico | España- |
| Subdivisión general | Religión- |
| Subdivisión de forma | Historia. |
| 9 (RLIN) | 153685 |
| 700 1# - ENTRADA AGREGADA--NOMBRE PERSONAL | |
| Nombre de persona | Bonilla y San Martín, Adolfo, |
| Fechas asociadas al nombre | 1875-1926 |
| 9 (RLIN) | 30193 |
| 700 1# - ENTRADA AGREGADA--NOMBRE PERSONAL | |
| Nombre de persona | Artigas Ferrando, Miguel, |
| Fechas asociadas al nombre | 1887-1947 |
| 9 (RLIN) | 23471 |
| 830 00 - PUNTO DE ACCESO ADICIONAL DE SERIE-TÍTULO UNIFORME | |
| Título uniforme | Obras completas de M. Menéndez y Pelayo |
| Designación de volumen o secuencia | 1, 7-8, 16-19 |
| 9 (RLIN) | 221933 |
| 852 ## - LOCALIZACIÓN | |
| Ubicación | ES-MaACL |
| Número de control de estantería | B-495-97 |
| Nota libre | - V. 1-3 |
| 852 ## - LOCALIZACIÓN | |
| Ubicación | ES-MaACL |
| Número de control de estantería | C-22879-85 |
| Estatus retirado | Estado de pérdida | Estado de daño | No para préstamo | Biblioteca de origen | Biblioteca actual | Ubicación en estantería | Fecha de adquisición | Fuente de adquisición | Total de préstamos | Signatura topográfica completa | Código de barras | Visto por última vez | Precio de reemplazo | Tipo de ítem Koha |
|---|---|---|---|---|---|---|---|---|---|---|---|---|---|---|
| Biblioteca del Ateneo de Madrid | Biblioteca del Ateneo de Madrid | Depósito 2 | 18/10/2013 | C-22879-85 | 1192029 | 23/02/2023 | 23/02/2023 | Libro impreso | ||||||
| Biblioteca del Ateneo de Madrid | Biblioteca del Ateneo de Madrid | Sala Pardo Bazán | 17/01/2008 | B-495-97 | 1106842 | 23/02/2023 | 23/02/2023 | Libro impreso |
